000 01108pam a2200277 a 4500
999 _c129076
_d129076
001 4015647
003 ARRUPE
005 20190220113321.0
008 970325s1997 mnu 000 0 eng
010 _a 97013970
020 _a0814624480
040 _aDLC
_cDLC
_dDLC
041 1 _aeng
_hger
050 0 0 _aBV5080
_b.H54 A5 1997
082 0 0 _a242/.802
_221
100 0 _aHildegard,
_cSaint,
_d1098-1179.
_912045
240 1 0 _aWorks.
_kSelections.
_lEnglish.
_f1997
245 1 4 _aThe windows of faith :
_bprayers of Holy Hildegard /
_cHildegard of Bingen ; edited by Walburga Storch ; translated by Linda M. Maloney ; introduction by Caecilia Bonn.
260 _aCollegeville, Minn. :
_bLiturgical Press,
_cc1997.
300 _a103 p. ;
_c22 cm.
500 _aTranslation of: Gebete der Heilegen Hildegard. Augsburg : Pattloch Verlag, 1991.
650 0 _aPrayers, Medieval.
_91402
700 1 _aStorch, Walburga.
_944818
906 _a7
_bcbc
_corignew
_d1
_eocip
_f19
_gy-gencatlg
942 _2lcc
_cMONOGRAPH